| 000 | 00833cam a22002771 4500 | ||
|---|---|---|---|
| 999 |
_c8143 _d8143 |
||
| 001 | 8143 | ||
| 003 | BD-JhCC | ||
| 005 | 20180709120207.0 | ||
| 008 | 780705s1951 enka 000 0 eng | ||
| 035 | _a(BD-JhCC)8143 | ||
| 035 | _a(OCoLC)4024483 | ||
| 040 |
_aDLC _cScU _dUk _dDLC _dBD-JhCC |
||
| 041 | _aeng | ||
| 050 | 0 | 0 |
_aML285.5 _b.H7 |
| 082 |
_a780.942 _bHOW 1951 |
||
| 100 | 1 |
_aHowes, Frank Stewart, _d1891-1974. |
|
| 245 | 1 | 0 |
_aMusic : 1945-1950 / _cFrank Howes |
| 260 |
_aLondon, _aNew York, _bPublished for the British Council by Longmans Green _c[1951] |
||
| 300 |
_a55 p. _billus. _c21 cm. |
||
| 440 | 4 | _aThe Arts in Britain | |
| 500 | _a"Gramophone records" : p. 47-55. | ||
| 650 | 0 |
_aMusic _zGreat Britain _xHistory and criticism |
|
| 650 | 0 |
_aMusic _zGreat Britain _vDiscography |
|
| 942 |
_2ddc _cBK |
||